000 00797cab a2200193 4500
001 ABS43111
008 090401t1990 xxu||||| |||| 00| 0 eng d
035 _a(Sirsi) u40472
041 _aeng
100 _aWatson, B.
245 _aCost planning engineering services contracts
260 _c1990
350 _a0
490 _aCost Engineer
_v28(4) 1990, 8-10(3)
520 _aThe author shows how a cost plan for mechanical and electrical engineering services of a building can be compiled. Use of quantity factors methods of approximate estimating , cost checking, bills of quantity , relationship between capital and running costs and an overview of capital cost control for engineering services are discussed.
690 _aProject management
_96261
942 _n0
948 _c04/03/1997
999 _c25936
_d25936